مكتبة جامعة عجلون الوطنية

فهرس بحث المكتبة

دور البحث العلمي في معالجة ظاهرة العنف في الأردن : وقائع المؤتمر الثالث للبحث العلمي في الأردن، 17/11/2007  (Record no. 16312)

MARC details
000 -LEADER
fixed length control field 01060nam a2200205Ii 4500
003 - CONTROL NUMBER IDENTIFIER
control field JO-AjNU
008 - FIXED-LENGTH DATA ELEMENTS--GENERAL INFORMATION
fixed length control field 230605s9999||||xx |||||||||||||| ||und||
017 ## - COPYRIGHT OR LEGAL DEPOSIT NUMBER
Copyright or legal deposit number 2010/3/838
040 ## - CATALOGING SOURCE
Original cataloging agency JO-AjNU
Language of cataloging ara
Description conventions rda
Transcribing agency JO-AjNU
041 ## - LANGUAGE CODE
Language code of text/sound track or separate title ara
050 14 - LIBRARY OF CONGRESS CALL NUMBER
Classification number HM 1116 .M883 2010
100 3# - MAIN ENTRY--PERSONAL NAME
Personal name تحرير: العكروش، لبنى ؛ مشرف: انور البطيخي,
Relator term author
9 (RLIN) 31768
245 00 - TITLE STATEMENT
Title دور البحث العلمي في معالجة ظاهرة العنف في الأردن : وقائع المؤتمر الثالث للبحث العلمي في الأردن، 17/11/2007 
264 31 - PRODUCTION, PUBLICATION, DISTRIBUTION, MANUFACTURE, AND COPYRIGHT NOTICE
Place of production, publication, distribution, manufacture عمان: الجمعية الاردنية للبحث العلمي، 2010
300 ## - PHYSICAL DESCRIPTION
Extent 260ص
Other physical details عقد هذا المؤتمر برعاية سامية من جلالة الملكة رانيا العبد الله المعظمة، يحتوي على هوامش من ص 255-260ص
336 ## - CONTENT TYPE
Content type term text
Content type code txt
Source rdacontent
337 ## - MEDIA TYPE
Media type term unmediated
Media type code n
Source rdamedia
338 ## - CARRIER TYPE
Carrier type term volume
Carrier type code nc
Source rdacarrier
650 #4 - SUBJECT ADDED ENTRY--TOPICAL TERM
Topical term or geographic name entry element العنف - جوانب اجتماعية - مؤتمرات 
9 (RLIN) 31769
Holdings
Withdrawn status Lost status Source of classification or shelving scheme Damaged status Not for loan Home library Current library Shelving location Date acquired Total Checkouts Full call number Barcode Date last seen Price effective from Koha item type
    Library of Congress Classification     مكتبة جامعة عجلون الوطنية مكتبة جامعة عجلون الوطنية المجموعات العامة 06/06/2023   HM 1116 .M883 2010 A12744 06/06/2023 06/06/2023 Books